Poesías selectas (Record no. 209019)

MARC details
000 -CABECERA
campo de control de longitud fija 00551nam a2200193 a 4500
003 - IDENTIFICADOR DEL NÚMERO DE CONTROL
campo de control MX-MxUPN
005 - FECHA Y HORA DE LA ÚLTIMA TRANSACCIÓN
campo de control 20221110063816.0
008 - ELEMENTOS DE LONGITUD FIJA--INFORMACIÓN GENERAL
campo de control de longitud fija 221109s1935 fr |||||r|||| 000 p spa d
040 ## - FUENTE DE LA CATALOGACIÓN
Centro catalogador/agencia de origen MX-MxUPN
Lengua de catalogación spa
Centro/agencia transcriptor MX-MxUPN
041 0# - CÓDIGO DE IDIOMA
Código de lengua del texto/banda sonora o título independiente spa
050 14 - SIGNATURA TOPOGRÁFICA DE LA BIBLIOTECA DEL CONGRESO
Número de clasificación PQ8497 C5
Número de documento/Ítem P6
100 1# - ASIENTO PRINCIPAL--NOMBRE PERSONAL
Nombre de persona Chocano, José Santos,
Fechas asociadas al nombre 1875-1934
9 (RLIN) 47309
245 10 - MENCIÓN DE TÍTULO
Título Poesías selectas
260 ## - PUBLICACIÓN, DISTRIBUCIÓN, ETC.
Lugar de publicación, distribución, etc. París :
Nombre del editor, distribuidor, etc. Librería de la Vda. de C. Bouret,
Fecha de publicación, distribución, etc. 1935.
300 ## - DESCRIPCIÓN FÍSICA
Extensión 143 páginas ;
Dimensiones 12 cm.
650 #7 - ASIENTO SECUNDARIO DE MATERIA - TERMINO TEMATICO
Término de materia o nombre geográfico como elemento de entrada Poesía peruana
Fuente del encabezamiento o término
9 (RLIN) 1311
902 ## - ELEMENTOS DE DATOS B LOCAL, LDB (RLIN)
Creó Víctor Ruiz/091122
942 ## - ELEMENTOS DE PUNTO DE ACCESO ADICIONAL (KOHA)
Fuente del sistema de clasificación o colocación Library of Congress Classification
Tipo de ítem Koha Libro
Holdings
Estado de retiro Estado de pérdida Fuente del sistema de clasificación o colocación Estado dañado No para préstamo Código de colección Localización permanente Ubicación/localización actual Ubicación en estantería Fecha de adquisición Clasificación Código de barras Fecha visto por última vez Precio válido a partir de Tipo de ítem Koha
    Library of Congress Classification   Disponible (Previa cita) Fondo Reservado de libros Bib. Gregorio Torres Quintero Bib. Gregorio Torres Quintero Sala de Fondos Reservados Planta alta 09/11/2022 PQ8497 C5 P6 127688 09/11/2022 09/11/2022 Libro